|
|
|
|
| LEADER |
01676nam a2200265 a 4500 |
| 001 |
GR-MES16737 |
| 008 |
141009s gr z 000 0 gre d |
| 952 |
|
|
|0 0
|1 0
|2 ddc
|4 0
|7 0
|9 274735
|a MSLG
|b MSLG
|c BSC
|d 2021-01-17
|e 24
|f 0
|g 0.00
|l 0
|p 24200291
|r 2021-01-17 00:00:00
|t 1
|v 2021.00
|w 2021-01-17
|y BK15
|x 20141009 0 ΧΑΣΑΝΗ 0
|x GrPaTEI
|
| 999 |
|
|
|c 159060
|d 159060
|
| 040 |
|
|
|a GrPaTEI
|b gre
|c GR-PaULI
|
| 040 |
|
|
|a GrPaTEI
|b gre
|c GR-PaULI
|
| 100 |
1 |
|
|a Κόκκης, Αλέξανδρος
|
| 245 |
1 |
2 |
|a Η μετανάστευση στην Ελλάδα το χρονικό διάστημα 1990-2009. :
|b κοινωνικές, οικονομικές, πολιτισμικές και νομικές διαστάσεις /
|c Σπουδαστές: Κόκκης Αλέξανδρος, Σπηλιωτόπουλος Ιωάννης ; Επιβλέπων: Χαϊνάς Ευάγγελος.
|
| 260 |
|
|
|a Μεσολόγγι :
|b ΤΕΙ Δυτικής Ελλάδας,
|c 2011
|
| 300 |
|
|
|a 78 σ. :
|b πίν., διαγ.
|
| 504 |
|
|
|a Βιβλιογραφία: σ. 76-78
|
| 650 |
|
4 |
|a Μετανάστευη
|z Ελλάς
|y 1990-2009
|
| 650 |
|
4 |
|a Μεταναστευτική πολιτική στην Ελλάδα
|
| 650 |
|
4 |
|a Πτυχιακή εργασια
|y 2011
|
| 700 |
1 |
|
|a Σπηλιωτόπουλος, Ιωάννης
|
| 700 |
1 |
|
|a Χαϊνάς, Ευάγγελος Ι.
|
| 710 |
0 |
|
|a Σ.Δ.Ο.
|b Τμήμα Διοίκησης Κοινωνικών - Συνεταιριστικών Επιχειρήσεων και Οργανώσεων
|
| 710 |
0 |
|
|a ΤΕΙ Δυτικής Ελλάδας
|
| 856 |
4 |
0 |
|u https://nereus.library.upatras.gr/formermes//ptyxiakes/sdo/sdo_dikseo/2011-2015/291pe.pdf
|
| 942 |
|
|
|2 ddc
|c ERS
|